[Event "SR 5. liga SE-SI 2014/2015"]
[Site "?"]
[Date "2014.11.29"]
[Round "4.2"]
[White "Sukopcak, Miroslav"]
[Black "Mraz, Jan"]
[Result "0-1"]
[WhiteElo "1657"]
[BlackElo "1000"]
[PlyCount "96"]
[EventDate "2014.??.??"]

1. e4 e6 2. d4 g6 3. Nf3 Bg7 4. e5 d6 5. Bd3 Nd7 6. exd6 cxd6 7. O-O Ne7 8. Bf4
e5 9. dxe5 dxe5 10. Bc1 O-O 11. Nc3 Nc5 12. Re1 Bg4 13. h3 Bxf3 14. Qxf3 Nxd3
15. cxd3 Nc6 16. Rb1 Rc8 17. a3 Rc7 18. Ne2 Rd7 19. Rd1 Re8 20. Ng3 f5 21. Qe2
e4 22. Re1 Rxd3 23. Be3 Nd4 24. Bxd4 Qxd4 25. Nf1 f4 26. Qg4 e3 27. fxe3 fxe3
28. Qxd4 Bxd4 29. Kh1 Rf8 30. Re2 Rf2 31. Rxf2 exf2 32. g3 Rb3 33. Kg2 Rxb2 34.
Rxb2 Bxb2 35. a4 Bd4 36. Kf3 a5 37. Ke4 Bc5 38. Kd5 b6 39. Ke6 Kf8 40. h4 Ke8
41. g4 Kd8 42. Kf7 b5 43. axb5 a4 44. Ke6 a3 45. Kd5 a2 46. Kxc5 a1=Q 47. b6
Qxf1 48. Kc6 Qb1 0-1

[Event "SR 5. liga SE-SI 2014/2015"]
[Site "?"]
[Date "2014.11.29"]
[Round "4.3"]
[White "Zlamal, Marek"]
[Black "Brunovsky, Peter"]
[Result "0-1"]
[WhiteElo "1671"]
[BlackElo "1869"]
[PlyCount "98"]
[EventDate "2014.??.??"]

1. d4 Nf6 2. Nc3 d5 3. f3 Bf5 4. e3 e6 5. Bd3 Bg6 6. Nge2 c5 7. dxc5 Bxc5 8.
O-O a6 9. Kh1 O-O 10. Bxg6 hxg6 11. a4 Nc6 12. Nd4 Qb6 13. Nxc6 Qxc6 14. Ne2
Rac8 15. c3 Rfd8 16. b4 Bb6 17. Qd2 Nd7 18. f4 Nf6 19. Bb2 Ne4 20. Qd3 Qc4 21.
Qxc4 Rxc4 22. Rf3 Rdc8 23. Rc1 Nd6 24. g4 R4c7 25. Rc2 Nc4 26. Bc1 Ba7 27. Kg2
Nb6 28. Ra2 Nd7 29. Bd2 Nf6 30. h3 Ne4 31. Be1 Bb6 32. Rc2 Rc4 33. Rc1 a5 34.
Rb1 axb4 35. cxb4 Rc2 36. Kf1 Ra2 37. a5 Rcc2 38. Ng3 Nxg3+ 39. Bxg3 Ba7 40. f5
gxf5 41. gxf5 exf5 42. Rxf5 Bxe3 43. Re1 d4 44. Re5 f6 45. R5xe3 dxe3 46. Rxe3
Ra1+ 47. Be1 Kf7 48. Rb3 Rh2 49. Kg1 Re2 0-1

[Event "SR 5. liga SE-SI 2014/2015"]
[Site "?"]
[Date "2014.11.29"]
[Round "4.3"]
[White "Butas, Adam"]
[Black "Sladek, Michal"]
[Result "0-1"]
[WhiteElo "1000"]
[BlackElo "1257"]
[PlyCount "108"]
[EventDate "2014.??.??"]

1. e4 e5 2. Nf3 Nc6 3. Nc3 Nf6 4. Bc4 h6 5. h3 Bb4 6. O-O d6 7. d3 Qe7 8. a3
Bc5 9. Nd5 Nxd5 10. Bxd5 Bd7 11. Qe1 O-O-O 12. Be3 Bd4 13. c3 Bxe3 14. Qxe3 Kb8
15. b4 Rc8 16. c4 Qf6 17. Rad1 Qg6 18. d4 Bxh3 19. g3 Bxf1 20. Kxf1 exd4 21.
Nxd4 Ne7 22. Nb5 b6 23. c5 Nxd5 24. Rxd5 dxc5 25. bxc5 Rhe8 26. cxb6 axb6 27.
Qb3 Qxe4 28. Kg1 c6 29. Nd6 Qe1+ 30. Kg2 Kc7 31. Nxe8+ Rxe8 32. Rd1 Qe6 33. Qa4
Qe4+ 34. Qxe4 Rxe4 35. Ra1 c5 36. a4 c4 37. a5 bxa5 38. Rxa5 Kb6 39. Ra3 Kb5
40. Ra1 c3 41. Rb1+ Kc4 42. Kf3 Re7 43. Rc1 Kb3 44. Rb1+ Ka2 45. Rc1 Kb2 46.
Rf1 c2 47. Kg2 Rd7 48. Re1 Rd1 49. Rxd1 cxd1=Q 50. Kh2 Qf3 51. Kg1 Kc2 52. Kf1
Kd2 53. Kg1 Ke2 54. Kh2 Kxf2 0-1

[Event "SR 5. liga SE-SI 2014/2015"]
[Site "?"]
[Date "2014.11.29"]
[Round "4.3"]
[White "Sefcik, Oliver"]
[Black "Hyza, Richard"]
[Result "1/2-1/2"]
[WhiteElo "1000"]
[BlackElo "1000"]
[PlyCount "85"]
[EventDate "2014.??.??"]

1. e4 e5 2. Nf3 Nc6 3. Bc4 Bc5 4. Nc3 Nf6 5. d3 h6 6. O-O d6 7. h3 O-O 8. Re1
Qe7 9. Nd5 Nxd5 10. Bxd5 Nd4 11. Be3 Nxf3+ 12. Qxf3 Bxe3 13. Qxe3 c6 14. Bb3
Be6 15. Bxe6 Qxe6 16. a3 a6 17. Rac1 Rfe8 18. c4 c5 19. Rb1 Rac8 20. b4 b6 21.
b5 Ra8 22. Qc1 axb5 23. Rxb5 Rab8 24. Qd2 Qd7 25. a4 Qa7 26. Ra1 Re6 27. a5 Re7
28. Rab1 Qd7 29. Qb2 Qd8 30. Rxb6 Rxb6 31. Qxb6 Qxb6 32. axb6 Rb7 33. g3 g6 34.
f4 exf4 35. gxf4 f5 36. e5 dxe5 37. fxe5 Kf7 38. Kf2 Ke6 39. Kf3 Kxe5 40. Rb5
Kd6 41. Kf4 Ke6 42. Ke3 g5 43. Kf3 1/2-1/2

[Event "SR 5. liga SE-SI 2014/2015"]
[Site "?"]
[Date "2014.11.29"]
[Round "4.3"]
[White "Horinka, Tomas"]
[Black "Daniel, Dusan"]
[Result "1-0"]
[WhiteElo "1000"]
[BlackElo "1000"]
[PlyCount "135"]
[EventDate "2014.??.??"]

1. e4 e5 2. Nf3 Nc6 3. Bc4 Bc5 4. O-O Nf6 5. Nc3 O-O 6. d3 h6 7. h3 d6 8. Nd5
Be6 9. Nxf6+ Qxf6 10. Bxe6 Qxe6 11. Bd2 Rad8 12. Qe2 Nd4 13. Nxd4 Bxd4 14. Rab1
Qxa2 15. c3 Bc5 16. Ra1 Qxb2 17. Rfd1 Qb6 18. Rab1 Qc6 19. Be3 f5 20. exf5 Rxf5
21. Bxc5 Qxc5 22. d4 Qd5 23. c4 Qf7 24. Rdc1 Rxf2 25. Qxf2 Rf8 26. Rf1 exd4 27.
Rbc1 d3 28. Rcd1 Qxf2+ 29. Rxf2 Rxf2 30. Kxf2 a5 31. Rxd3 b6 32. g4 Kh7 33. Re3
c6 34. Re6 d5 35. cxd5 cxd5 36. Rxb6 a4 37. Rb2 d4 38. Ra2 d3 39. Ke1 Kg6 40.
Kd2 Kg5 41. Kxd3 Kh4 42. Rxa4 Kxh3 43. Ra7 Kxg4 44. Rxg7+ Kh4 45. Rg6 Kh5 46.
Rg3 Kh4 47. Rg1 h5 48. Rh1+ Kg4 49. Ke2 h4 50. Kf2 h3 51. Kf1 Kg3 52. Kg1 Kh4
53. Kf2 Kg4 54. Rh2 Kh4 55. Kf3 Kg5 56. Rxh3 Kf5 57. Rh5+ Ke6 58. Ke4 Kd6 59.
Kd4 Ke6 60. Ra5 Kf6 61. Ke4 Ke6 62. Ra6+ Kf7 63. Ke5 Kg7 64. Kf5 Kh7 65. Kg5
Kh8 66. Ra7 Kg8 67. Kf6 Kh8 68. Kg6 1-0

[Event "SR 5. liga SE-SI 2014/2015"]
[Site "?"]
[Date "2014.11.29"]
[Round "4.3"]
[White "Sefcik, Marek"]
[Black "Volek, Vladimir"]
[Result "1-0"]
[WhiteElo "1000"]
[BlackElo "1000"]
[PlyCount "83"]
[EventDate "2014.??.??"]

1. e4 e5 2. Nf3 Nc6 3. Bc4 Bc5 4. O-O Nf6 5. Nc3 d6 6. h3 O-O 7. d3 h6 8. Qe1
Qe8 9. Be3 Bxe3 10. Qxe3 Be6 11. Bb5 a6 12. Ba4 b5 13. Bb3 Bxb3 14. axb3 Nb4
15. Ne1 Rd8 16. Ne2 Qc6 17. c3 Qc5 18. cxb4 Qxe3 19. fxe3 c5 20. bxc5 dxc5 21.
Rxa6 Nd7 22. Ng3 Nb8 23. Rb6 c4 24. bxc4 bxc4 25. dxc4 Nd7 26. Rb5 Rc8 27. b3
Rfe8 28. c5 Re6 29. Nd3 Rg6 30. Nf5 Ra8 31. Ne7+ Kh8 32. Nxg6+ fxg6 33. Rf7
Ra1+ 34. Kh2 Rd1 35. Rxd7 g5 36. c6 Ra1 37. Nxe5 Ra8 38. Rbb7 h5 39. Ng6+ Kh7
40. Rxg7+ Kh6 41. Ne5 g4 42. Rg6# 1-0

[Event "SR 5. liga SE-SI 2014/2015"]
[Site "?"]
[Date "2014.11.29"]
[Round "4.4"]
[White "Bartos, Bohumil"]
[Black "Huska, Branislav"]
[Result "0-1"]
[WhiteElo "1502"]
[BlackElo "1689"]
[PlyCount "68"]
[EventDate "2014.??.??"]

1. d4 Nf6 2. c4 e6 3. Nc3 Bb4 4. a3 Bxc3+ 5. bxc3 h6 6. Bf4 d6 7. Nf3 Nc6 8.
Qc2 O-O 9. e3 Nh5 10. Rd1 Qe7 11. Bg3 f5 12. Be2 Qf7 13. h3 Nxg3 14. fxg3 Qg6
15. Kf2 e5 16. Nh2 Ne7 17. Bf3 Qf7 18. dxe5 dxe5 19. Bd5 Be6 20. Bxe6 Qxe6 21.
Qe2 Rad8 22. Nf3 Rd6 23. Rxd6 cxd6 24. Rd1 Rc8 25. Nd2 Nc6 26. Rb1 b6 27. Qd3
e4 28. Qd5 Qxd5 29. cxd5 Ne5 30. Rb3 Rc5 31. c4 Nxc4 32. Nxc4 Rxc4 33. Rb4 Rxb4
34. axb4 Kf7 0-1

[Event "SR 5. liga SE-SI 2014/2015"]
[Site "?"]
[Date "2014.11.29"]
[Round "4.4"]
[White "Macalka, Ondrej"]
[Black "Baumgartner, Milan"]
[Result "1-0"]
[WhiteElo "1499"]
[BlackElo "1585"]
[PlyCount "55"]
[EventDate "2014.??.??"]

1. e4 e5 2. Nf3 Nc6 3. Bc4 Bc5 4. c3 Nf6 5. d4 exd4 6. cxd4 Bb4+ 7. Bd2 d5 8.
exd5 Bxd2+ 9. Nbxd2 Nxd5 10. O-O O-O 11. Nb3 Bg4 12. Be2 Nf4 13. Bc4 Qf6 14.
Re1 Rad8 15. d5 Ne5 16. Be2 Rxd5 17. Qc2 Nxe2+ 18. Qxe2 Nxf3+ 19. gxf3 Qxf3 20.
Qxf3 Bxf3 21. Rac1 c6 22. Re7 c5 23. Nxc5 Rc8 24. Rce1 h6 25. Nd7 Rg5+ 26. Kf1
Rc2 27. Re8+ Kh7 28. Nf8+ 1-0

[Event "SR 5. liga SE-SI 2014/2015"]
[Site "?"]
[Date "2014.11.29"]
[Round "4.4"]
[White "Davidik, Miroslav"]
[Black "Petras, Michal"]
[Result "1-0"]
[WhiteElo "1421"]
[BlackElo "1255"]
[PlyCount "41"]
[EventDate "2014.??.??"]

1. e4 d5 2. e5 Bf5 3. d4 a6 4. a4 e6 5. c3 Nd7 6. b4 f6 7. Bf4 fxe5 8. dxe5 Qh4
9. Bg3 Qh6 10. Bd3 Ne7 11. Nf3 Bg4 12. Nbd2 Ng6 13. Qc2 Ne7 14. O-O Nf5 15. h3
Nxg3 16. fxg3 Bxf3 17. Nxf3 Nxe5 18. Nxe5 Qe3+ 19. Qf2 Qxe5 20. Qf7+ Kd8 21.
Rae1 1-0

[Event "SR 5. liga SE-SI 2014/2015"]
[Site "?"]
[Date "2014.11.29"]
[Round "4.4"]
[White "Sekac, Martin"]
[Black "Spanik, Ondrej"]
[Result "0-1"]
[WhiteElo "1000"]
[BlackElo "1228"]
[PlyCount "72"]
[EventDate "2014.??.??"]

1. e4 e5 2. f3 Nf6 3. Nc3 Nc6 4. Bb5 a6 5. Bc4 Bb4 6. Nd5 d6 7. c3 Bc5 8. Nh3
Bxh3 9. gxh3 Nxd5 10. Bxd5 Qh4+ 11. Ke2 Qxh3 12. Qf1 Qxf1+ 13. Kxf1 Nd8 14. b4
Bb6 15. Ba3 c6 16. Bc4 Ne6 17. b5 axb5 18. Bb3 Rxa3 19. Bc2 Nf4 20. h4 h5 21.
Rb1 Rxa2 22. Bb3 Ra3 23. Ke1 O-O 24. Bc2 Rfa8 25. Rh2 Ra1 26. Kd1 Rxb1+ 27.
Bxb1 Ra3 28. Kc1 Bc5 29. Rh1 b4 30. Kc2 bxc3 31. dxc3 b5 32. Kb2 b4 33. Bc2
Rxc3 34. Bd1 Nd3+ 35. Kb1 b3 36. Rh2 Rc1# 0-1

[Event "SR 5. liga SE-SI 2014/2015"]
[Site "?"]
[Date "2014.11.29"]
[Round "4.5"]
[White "Sobek, Michal"]
[Black "Holiencin, Filip"]
[Result "1-0"]
[WhiteElo "1684"]
[BlackElo "1845"]
[PlyCount "85"]
[EventDate "2014.??.??"]

1. e4 c5 2. Nf3 d6 3. c3 Nf6 4. Bc4 e6 5. Qe2 Be7 6. O-O O-O 7. Re1 Nc6 8. d4
cxd4 9. cxd4 d5 10. exd5 Nxd5 11. Bxd5 Qxd5 12. Nc3 Qf5 13. Be3 b6 14. Rad1 Rd8
15. d5 Nb4 16. Nd4 Qf6 17. dxe6 Bxe6 18. Bg5 Qxg5 19. Nxe6 fxe6 20. Qxe6+ Kf8
21. Re5 Rxd1+ 22. Nxd1 Rd8 23. Ne3 Rd6 24. Qxd6 Bxd6 25. Rxg5 g6 26. a3 Nc6 27.
Nc4 Bc5 28. Kf1 Ke7 29. b4 Bd4 30. Ke2 Ke6 31. Rg4 Bf6 32. Kd3 b5 33. Re4+ Kd7
34. Nd2 Bb2 35. Nb1 a6 36. Kc2 Bf6 37. Nd2 Be5 38. Nb3 Kd6 39. Nc5 a5 40. f4
axb4 41. Nb7+ Kd5 42. Rxe5+ Nxe5 43. fxe5 1-0

[Event "SR 5. liga SE-SI 2014/2015"]
[Site "?"]
[Date "2014.11.29"]
[Round "4.5"]
[White "Vach, Jozef"]
[Black "Filipek, Norbert"]
[Result "1/2-1/2"]
[WhiteElo "1778"]
[BlackElo "1414"]
[PlyCount "73"]
[EventDate "2014.??.??"]

1. d4 Nf6 2. c4 g6 3. Nc3 Bg7 4. e4 d6 5. f4 O-O 6. Nf3 Nbd7 7. e5 dxe5 8. fxe5
Ne8 9. Be3 f6 10. e6 Nb6 11. d5 c6 12. Qd2 cxd5 13. c5 Bxe6 14. cxb6 axb6 15.
Nd4 Bf7 16. Be2 e5 17. Nf3 d4 18. Nxd4 exd4 19. Bxd4 f5 20. Bxg7 Qxd2+ 21. Kxd2
Nxg7 22. Bf3 Rfd8+ 23. Kc2 Ne6 24. Bxb7 Ra7 25. Bf3 Nd4+ 26. Kb1 Nxf3 27. gxf3
Rad7 28. Kc1 Rd2 29. a4 Rf2 30. Rd1 Rxd1+ 31. Nxd1 Rxh2 32. b4 Ra2 33. Rxa2
Bxa2 34. Kb2 Bd5 35. f4 h5 36. Ne3 h4 37. Nf1 1/2-1/2

[Event "SR 5. liga SE-SI 2014/2015"]
[Site "?"]
[Date "2014.11.29"]
[Round "4.5"]
[White "Filipek, Pavol"]
[Black "Cambal, Peter"]
[Result "0-1"]
[WhiteElo "1149"]
[BlackElo "1067"]
[PlyCount "98"]
[EventDate "2014.??.??"]

1. e4 c5 2. Nf3 d6 3. d4 cxd4 4. Nxd4 Nf6 5. Nc3 a6 6. Be2 e5 7. Nf3 Be7 8. O-O
O-O 9. Bg5 Be6 10. Nd5 Bxd5 11. Bxf6 Bxf6 12. Qxd5 Qc7 13. c3 Nd7 14. Qd2 Nc5
15. Qc2 Rac8 16. Nd2 b5 17. Bg4 Ra8 18. b3 Rfb8 19. Kh1 Bg5 20. Nf3 Bf6 21.
Rfe1 b4 22. c4 a5 23. Qd2 a4 24. Qe3 Ra7 25. Nd2 Rba8 26. Reb1 Qc6 27. Bd1 h6
28. f4 exf4 29. Qxf4 Bxa1 30. Rxa1 axb3 31. Nxb3 Qxe4 32. Qxe4 Nxe4 33. Bf3 Re8
34. h3 Nc3 35. Bc6 Rc8 36. Bb5 Rxa2 37. Rxa2 Nxa2 38. Nd4 Kf8 39. Kh2 Nc3 40.
Ba6 Rb8 41. Nc6 Rb6 42. Bb5 b3 43. Nd4 b2 44. Nf3 Nxb5 45. Nd2 Nc3 46. Kg3 b1=Q
47. Nxb1 Nxb1 48. Kf3 Nd2+ 49. Ke3 Nxc4+ 0-1

[Event "SR 5. liga SE-SI 2014/2015"]
[Site "?"]
[Date "2014.11.29"]
[Round "4.5"]
[White "Steiner, Juraj"]
[Black "Sobekova, Adela"]
[Result "0-1"]
[WhiteElo "1000"]
[BlackElo "1000"]
[PlyCount "68"]
[EventDate "2014.??.??"]

1. e4 e5 2. Nf3 Nc6 3. Nc3 Nf6 4. Bc4 Nxe4 5. O-O Nxc3 6. dxc3 Be7 7. Re1 d6 8.
Be3 Bg4 9. h3 Bh5 10. Be2 O-O 11. Qd3 Bg6 12. Qd2 Qd7 13. Bd3 e4 14. Qe2 exd3
15. cxd3 Ne5 16. c4 Bxd3 17. Nxe5 dxe5 18. Qd2 Qf5 19. Rad1 Bxc4 20. b4 Rad8
21. Qc3 Bxa2 22. Rd2 Rxd2 23. Qxd2 Be6 24. Rd1 h6 25. g4 Qf3 26. Bxh6 Rd8 27.
Qxd8+ Bxd8 28. Rxd8+ Kh7 29. Rb8 Qxh3 30. Rxb7 Qxg4+ 31. Kf1 Qd1+ 32. Kg2 Bd5+
33. Kh3 Qf1+ 34. Kh4 Bxb7 0-1

[Event "SR 5. liga SE-SI 2014/2015"]
[Site "?"]
[Date "2014.11.29"]
[Round "4.5"]
[White "Kratochvilova, Lenka"]
[Black "Svrcek, Daniel"]
[Result "1-0"]
[WhiteElo "1153"]
[BlackElo "1000"]
[PlyCount "143"]
[EventDate "2014.??.??"]

1. e4 e5 2. Nf3 Nc6 3. Bc4 Bc5 4. c3 Nf6 5. d3 h6 6. O-O O-O 7. Be3 Bxe3 8.
fxe3 d6 9. h3 Qe7 10. Nh4 Be6 11. Bxe6 Qxe6 12. Nf5 Ne7 13. Nd2 Nxf5 14. exf5
Qd7 15. Ne4 Qd8 16. Qb3 Rb8 17. c4 Nxe4 18. dxe4 f6 19. c5+ Rf7 20. Rad1 Qd7
21. Qb4 Rff8 22. cxd6 cxd6 23. Rxd6 a5 24. Qc4+ Qf7 25. Re6 Rbe8 26. Qd5 b6 27.
g4 Rd8 28. Qc6 Qd7 29. Qc4 Rf7 30. Qc2 Rc8 31. Qb3 Rc6 32. Rd1 Qb7 33. Rd8+ Kh7
34. Qd5 Rc1+ 35. Kf2 Rc2+ 36. Kg3 Rxb2 37. Qxb7 Rxb7 38. Ree8 g5 39. Rh8+ Kg7
40. Rdg8+ Kf7 41. Rf8+ Ke7 42. Ra8 Rd7 43. Rh7+ Kd6 44. Rxh6 Rf7 45. Rd8+ Ke7
46. Rb8 Rd2 47. Rb7+ Rd7 48. Rxb6 Rd6 49. Rb7+ Rd7 50. Rb5 a4 51. Ra5 Kd6 52.
Rxa4 Ra7 53. Rxa7 Rxa7 54. Rxf6+ Ke7 55. Re6+ Kd7 56. Rxe5 Rxa2 57. f6 Ra8 58.
Rxg5 Ke8 59. Rg8+ Kf7 60. Rxa8 Kxf6 61. Ra7 Ke5 62. Re7+ Kf6 63. Rc7 Ke5 64.
Kf3 Kd6 65. Rh7 Ke6 66. g5 Ke5 67. g6 Kd6 68. g7 Kc5 69. g8=Q Kb4 70. Rc7 Kb5
71. Qb8+ Ka4 72. Ra7# 1-0

[Event "SR 5. liga SE-SI 2014/2015"]
[Site "?"]
[Date "2014.11.29"]
[Round "4.6"]
[White "Diviak, Rudolf"]
[Black "Diviak, Rastislav"]
[Result "1/2-1/2"]
[WhiteElo "1836"]
[BlackElo "2001"]
[PlyCount "27"]
[EventDate "2014.??.??"]

1. e4 c5 2. Bc4 e6 3. Qe2 Nc6 4. c3 Nf6 5. d3 d6 6. Nf3 a6 7. Bb3 Be7 8. O-O
O-O 9. Rd1 b5 10. d4 cxd4 11. cxd4 Bb7 12. Nbd2 Qc7 13. Nf1 Rac8 14. Bg5
1/2-1/2

[Event "SR 5. liga SE-SI 2014/2015"]
[Site "?"]
[Date "2014.11.29"]
[Round "4.6"]
[White "Buran, Andrej"]
[Black "Ulehla, Jakub"]
[Result "0-1"]
[WhiteElo "1586"]
[BlackElo "1479"]
[PlyCount "32"]
[EventDate "2014.??.??"]

1. e4 e5 2. Nf3 Nc6 3. Bc4 Nf6 4. O-O Bc5 5. c3 d6 6. d4 Bb6 7. Ng5 O-O 8. Qb3
Qe7 9. dxe5 Nxe5 10. Re1 Nfg4 11. Nh3 Qh4 12. Rf1 Nf3+ 13. gxf3 Qxh3 14. fxg4
Qxg4+ 15. Kh1 Qf3+ 16. Kg1 Bh3 0-1

[Event "SR 5. liga SE-SI 2014/2015"]
[Site "?"]
[Date "2014.11.29"]
[Round "4.6"]
[White "Trojkova, Michaela"]
[Black "Hrdlicka, Martin"]
[Result "1-0"]
[WhiteElo "1461"]
[BlackElo "1232"]
[PlyCount "83"]
[EventDate "2014.??.??"]

1. e4 e5 2. Nf3 Nc6 3. Bc4 Be7 4. Nc3 Nf6 5. d3 O-O 6. Be3 d6 7. h3 Be6 8. Bb3
Qd7 9. Qd2 d5 10. exd5 Nxd5 11. Nxd5 Bxd5 12. Bxd5 Qxd5 13. O-O Rad8 14. Rfd1
e4 15. dxe4 Qxe4 16. Qe2 Nb4 17. c3 Nc2 18. Rac1 Rxd1+ 19. Rxd1 Nxe3 20. Qxe3
Qc2 21. Qd2 Qxd2 22. Rxd2 Bd6 23. Nd4 Re8 24. Re2 Kf8 25. Rxe8+ Kxe8 26. Kf1
Ke7 27. Nf5+ Kf6 28. Nxd6 cxd6 29. Ke2 Kf5 30. Kd3 b5 31. Kd4 Ke6 32. f3 f5 33.
g3 g6 34. f4 a5 35. a3 g5 36. b4 axb4 37. axb4 gxf4 38. gxf4 Kd7 39. Kd5 h5 40.
h4 Kc7 41. Ke6 Kc6 42. Kxf5 1-0

[Event "SR 5. liga SE-SI 2014/2015"]
[Site "?"]
[Date "2014.11.29"]
[Round "4.6"]
[White "Svarc, Vaclav"]
[Black "Kaufman, Robert"]
[Result "0-1"]
[WhiteElo "1094"]
[BlackElo "1127"]
[PlyCount "94"]
[EventDate "2014.??.??"]

1. e4 e5 2. Nf3 Nc6 3. Bb5 a6 4. Bc4 b5 5. Bd5 Bb7 6. d4 exd4 7. Nxd4 Nxd4 8.
Qxd4 Bxd5 9. Qxd5 Nf6 10. Bg5 Nxd5 11. Bxd8 Rxd8 12. exd5 Bc5 13. Nd2 O-O 14.
O-O c6 15. Ne4 Ba7 16. dxc6 dxc6 17. Rad1 Rde8 18. Nd6 Re2 19. Rc1 Rd8 20. Nb7
Rdd2 21. Na5 c5 22. Rfd1 c4 23. c3 Bxf2+ 24. Kf1 Bh4 25. g3 Rxd1+ 26. Rxd1 Rxh2
27. gxh4 Rh1+ 28. Ke2 Rxd1 29. Kxd1 g6 30. Nc6 Kg7 31. Nb8 a5 32. b3 Kh6 33.
bxc4 bxc4 34. Nc6 a4 35. Na5 Kh5 36. Nxc4 Kxh4 37. Ne3 f5 38. c4 f4 39. Ng2+
Kg3 40. Nxf4 Kxf4 41. c5 Ke5 42. Kc2 Kd5 43. Kb2 Kxc5 44. Ka3 Kb5 45. Kb2 h5
46. Kc2 h4 47. Kd2 h3 0-1

[Event "SR 5. liga SE-SI 2014/2015"]
[Site "?"]
[Date "2014.11.29"]
[Round "4.6"]
[White "Oslej, Marek"]
[Black "Nater, Nikolas"]
[Result "0-1"]
[WhiteElo "1000"]
[BlackElo "1000"]
[PlyCount "28"]
[EventDate "2014.??.??"]

1. e4 e5 2. Nf3 Nc6 3. Bc4 Nf6 4. O-O Bc5 5. Nc3 O-O 6. d3 d6 7. Bg5 Bg4 8. Qe2
Qc8 9. Bxf6 gxf6 10. Nd5 Bh3 11. Bb5 Kh8 12. Bxc6 Rg8 13. Ne7 Bxg2 14. Nxc8
Bxf3# 0-1

[Event "SR 5. liga SE-SI 2014/2015"]
[Site "?"]
[Date "2014.12.13"]
[Round "5.1"]
[White "Buran, Andrej"]
[Black "Wallner, Juraj"]
[Result "1/2-1/2"]
[WhiteElo "1586"]
[BlackElo "1606"]
[PlyCount "46"]
[EventDate "2014.??.??"]

1. e4 c5 2. Nf3 e6 3. d4 d5 4. exd5 exd5 5. Bb5+ Bd7 6. Qe2+ Qe7 7. Qxe7+ Bxe7
8. Bxd7+ Nxd7 9. dxc5 Bxc5 10. O-O Ne7 11. Re1 O-O 12. Be3 Bxe3 13. Rxe3 Nf5
14. Rd3 Nf6 15. Nc3 Rfd8 16. Rad1 Ne7 17. Re1 Nc6 18. Nd4 h6 19. h3 Kf8 20.
Red1 Ne5 21. Rg3 Nh5 22. Re3 Nc4 23. Rf3 Ne5 1/2-1/2

[Event "SR 5. liga SE-SI 2014/2015"]
[Site "?"]
[Date "2014.12.13"]
[Round "5.1"]
[White "Tomasovic, Roman"]
[Black "Mudroch, Martin"]
[Result "1/2-1/2"]
[WhiteElo "1363"]
[BlackElo "1342"]
[PlyCount "80"]
[EventDate "2014.??.??"]

1. d4 d5 2. c4 c6 3. e3 Nf6 4. Nc3 Bf5 5. Nf3 Nbd7 6. Qb3 Qb6 7. c5 Qxb3 8.
axb3 e6 9. Be2 Be7 10. O-O O-O 11. b4 a6 12. h3 Rfe8 13. Nh4 Bc2 14. f4 Ne4 15.
Nf3 Ng3 16. Rf2 Be4 17. Nxe4 dxe4 18. Nd2 f5 19. Nf1 Nxe2+ 20. Rxe2 Nf6 21. Kh2
Nd5 22. Bd2 g5 23. g3 Kf7 24. Rg2 h5 25. Re1 Rh8 26. Ree2 Rag8 27. Be1 h4 28.
fxg5 Bxg5 29. gxh4 Bxh4 30. Rxg8 Kxg8 31. Bd2 Kf7 32. Rg2 Rg8 33. Rxg8 Kxg8 34.
Kg2 Kg7 35. Ng3 Kg6 36. Ne2 Bg5 37. Kf2 Kh5 38. Nf4+ Bxf4 39. exf4 Kh4 40. Kg2
Kh5 1/2-1/2

[Event "SR 5. liga SE-SI 2014/2015"]
[Site "?"]
[Date "2014.12.13"]
[Round "5.1"]
[White "Musaev, Matej Elbek"]
[Black "Valigursky, Michal"]
[Result "0-1"]
[WhiteElo "1070"]
[BlackElo "1446"]
[PlyCount "90"]
[EventDate "2014.??.??"]

1. e4 e5 2. Nf3 Nc6 3. Bc4 Nf6 4. Ng5 d5 5. exd5 Na5 6. Bb5+ c6 7. dxc6 bxc6 8.
Be2 h6 9. Nf3 e4 10. Ne5 Qd4 11. Ng4 Bxg4 12. Bxg4 Bc5 13. O-O h5 14. c3 Qd6
15. Be2 Bb6 16. d4 Bc7 17. g3 h4 18. Bf4 Qd7 19. Re1 hxg3 20. Bxg3 Bxg3 21.
fxg3 Qh3 22. Kf2 Qxh2+ 23. Ke3 Qxg3+ 24. Kd2 e3+ 25. Kc1 Ne4 26. Rg1 Qf2 27.
Rf1 Qg3 28. Qa4 Qg5 29. Qc2 f5 30. Qa4 f4 31. Qc2 Ng3 32. Re1 Rh2 33. Qd3 Kd7
34. Bd1 e2 35. Bxe2 f3+ 36. Nd2 Nxe2+ 37. Kc2 Rf8 38. Nxf3 Rxf3 39. Qa6 Nxc3+
40. Re2 Rxe2+ 41. Qxe2 Nxe2 42. Rd1 Qg2 43. Rd2 Nxd4+ 44. Kc1 Rf1+ 45. Rd1 Qc2#
0-1

[Event "SR 5. liga SE-SI 2014/2015"]
[Site "?"]
[Date "2014.12.13"]
[Round "5.1"]
[White "Vozarova, Adriana"]
[Black "Nater, Nikolas"]
[Result "1-0"]
[WhiteElo "1444"]
[BlackElo "1000"]
[PlyCount "95"]
[EventDate "2014.??.??"]

1. e4 e5 2. Nf3 Nc6 3. Bb5 Bc5 4. O-O Nf6 5. Re1 O-O 6. c3 d5 7. Bxc6 bxc6 8.
Nxe5 Nxe4 9. d4 Bh3 10. Qf3 Bxg2 11. Qxg2 Bd6 12. Bh6 g5 13. Bxf8 Qxf8 14. f3
f5 15. fxe4 dxe4 16. Qxg5+ Kh8 17. Rf1 Be7 18. Qxf5 Qg7+ 19. Kh1 Rb8 20. Nf7+
Kg8 21. Rg1 Bf6 22. Rxg7+ Kxg7 23. Qxe4 Kxf7 24. Qxh7+ Bg7 25. b3 Rh8 26. Qxh8
Bxh8 27. Nd2 Ke7 28. Re1+ Kd6 29. Nc4+ Kd5 30. Kg2 c5 31. dxc5 Bxc3 32. Rc1 Bb4
33. Ne3+ Kc6 34. Nf5 Bxc5 35. Rxc5+ Kxc5 36. h4 Kb4 37. h5 Ka3 38. h6 Kxa2 39.
h7 a5 40. h8=Q c5 41. Qc3 a4 42. bxa4 Kb1 43. Qxc5 Ka2 44. Qb5 Ka3 45. Kf2 Ka2
46. Ke2 Ka3 47. Kd2 Ka2 48. Kc2 1-0

[Event "SR 5. liga SE-SI 2014/2015"]
[Site "?"]
[Date "2014.12.13"]
[Round "5.2"]
[White "Holiencin, Filip"]
[Black "Diviak, Rudolf"]
[Result "1/2-1/2"]
[WhiteElo "1845"]
[BlackElo "1836"]
[PlyCount "62"]
[EventDate "2014.??.??"]

1. d4 Nf6 2. c4 d6 3. Nc3 g6 4. e4 Bg7 5. Nf3 O-O 6. Be2 Nbd7 7. Bg5 e5 8. Qd2
Re8 9. O-O-O a6 10. h4 Re6 11. d5 Re8 12. h5 Nc5 13. hxg6 fxg6 14. Rh4 Re7 15.
Rdh1 Ncd7 16. Nh2 Qf8 17. Ng4 Qf7 18. Nh6+ Bxh6 19. Bxh6 Nf8 20. Qg5 Kh8 21.
Bxf8 Qxf8 22. Qxg6 Qg7 23. Rh6 Qxg6 24. Rxg6 Rf7 25. Bf3 Bd7 26. Rhh6 Raf8 27.
Rg5 Rg7 28. Rxg7 Kxg7 29. Rh4 Kg6 30. Nd1 Kg5 31. Rh1 h5 1/2-1/2

[Event "SR 5. liga SE-SI 2014/2015"]
[Site "?"]
[Date "2014.12.13"]
[Round "5.2"]
[White "Cambal, Peter"]
[Black "Kaufman, Robert"]
[Result "0-1"]
[WhiteElo "1067"]
[BlackElo "1127"]
[PlyCount "100"]
[EventDate "2014.??.??"]

1. Nf3 Nc6 2. d4 d5 3. c4 e6 4. Nc3 g6 5. Bf4 Bg7 6. e4 dxe4 7. Nxe4 Nf6 8. Bg5
e5 9. Nc3 exd4 10. Nd5 Qd6 11. Qb3 Nxd5 12. cxd5 Ne5 13. Be2 Nxf3+ 14. Qxf3
Qb4+ 15. Bd2 Qe7 16. Rb1 Bf5 17. Rd1 d3 18. d6 cxd6 19. Bc3 Bxc3+ 20. bxc3 dxe2
21. Qxe2 Qxe2+ 22. Kxe2 Rd8 23. Rhe1 O-O 24. f3 Bc2 25. Rd5 Ba4 26. Ra5 Rfe8+
27. Kf2 Bc6 28. Rb1 a6 29. h4 Rd7 30. g4 Bb5 31. Rh1 Re2+ 32. Kg3 Rc2 33. h5
Rxc3 34. hxg6 fxg6 35. Re1 Kf7 36. Rh1 Be2 37. Rxh7+ Ke6 38. Rh6 Rg7 39. Kf2
Bxf3 40. Rh3 Rf7 41. Kg1 Rc2 42. Ra3 Bxg4 43. Rhe3+ Kd7 44. Rab3 b5 45. Ra3
Rff2 46. Rg3 Bf5 47. Rxa6 Rxa2 48. Rb6 Rfb2 49. Rb7+ Kc6 50. Rb8 Rb1# 0-1

[Event "SR 5. liga SE-SI 2014/2015"]
[Site "?"]
[Date "2014.12.13"]
[Round "5.2"]
[White "Jankovic, Frantisek"]
[Black "Steiner, Juraj"]
[Result "1-0"]
[WhiteElo "1133"]
[BlackElo "1000"]
[PlyCount "105"]
[EventDate "2014.??.??"]

1. e4 d5 2. Bd3 d4 3. Nf3 Nc6 4. O-O e5 5. Bb5 Bd7 6. Re1 Nf6 7. d3 h6 8. Bxc6
Bxc6 9. Nxe5 Qd6 10. Nxc6 Qxc6 11. c3 O-O-O 12. cxd4 Bb4 13. d5 Qb6 14. Be3 Bc5
15. Bxc5 Qxc5 16. Nc3 Qd4 17. Qa4 Qxd3 18. Qxa7 Qa6 19. Qxa6 bxa6 20. Rad1 Rhe8
21. b4 c5 22. bxc5 Re7 23. f3 Nd7 24. Rc1 Ne5 25. d6 Red7 26. Red1 Kb7 27. Rb1+
Kc6 28. Rd5 Nc4 29. Rb4 Rb7 30. Rxc4 Kd7 31. c6+ Kc8 32. cxb7+ Kxb7 33. Rb4+
Ka7 34. d7 a5 35. Ra4 Kb6 36. Rb5+ Kc6 37. Rc4+ Kxd7 38. Rd5+ Ke7 39. Rxd8 Kxd8
40. Rc5 g5 41. Rxa5 h5 42. Rxg5 h4 43. a4 f6 44. Rf5 Ke7 45. a5 h3 46. a6 hxg2
47. a7 Kf7 48. a8=Q Ke7 49. Qa6 Kf7 50. Rxf6+ Kg7 51. Rb6 Kg8 52. Rb7 Kh8 53.
Qa8# 1-0